书目信息 |
| 题名: |
磁流体发电
|
|
| 作者: | 刘鉴民 编 | |
| 分册: | ||
| 出版信息: | 北京 机械工业出版社 1984 |
|
| 页数: | 544页 | |
| 开本: | 21cm | |
| 丛书名: | ||
| 单 册: | ||
| 中图分类: | TM916 | |
| 科图分类: | ||
| 主题词: | 磁流体发电 | |
| 电子资源: | ||
| ISBN: | ||
| 000 | 00610nam0 2200241 45 | |
| 001 | 0184016809 | |
| 005 | 20040520172952.6 | |
| 010 | @dCNY2.60 | |
| 091 | @a15033..5463 | |
| 100 | @a19950407d1984 em y0chiy0121 ea | |
| 101 | 0 | @achi |
| 102 | @aCN@b110000 | |
| 105 | @ay z 000yy | |
| 106 | @ar | |
| 200 | 10 | @a磁流体发电@Aci liu ti fa dian@f刘鉴民编 |
| 210 | @a北京@c机械工业出版社@d1984 | |
| 215 | @a544页@d21cm | |
| 606 | @a磁流体发电 | |
| 690 | @aTM916@v3 | |
| 701 | 0 | @a刘鉴民@Aliu jian min@4编 |
| 801 | 0 | @aCN@b上海图书馆@c20040520 |
| 801 | 2 | @aCN@bNLC@c20040520 |
| 905 | @f1@b107953@dTM916@e13 | |
| 磁流体发电/刘鉴民编.-北京:机械工业出版社,1984 |
| 544页;21cm |
| ISBN :CNY2.60 |
| ● |
| 相关链接 |
|
|
|
|
正题名:磁流体发电
索取号:TM916/13
 
预约/预借
| 序号 | 登录号 | 条形码 | 馆藏地/架位号 | 状态 | 备注 |
| 1 | 0107953 | 001346243 | 第三借阅区/ [索取号:TM916/13] | 在馆 | |
| 2 | 0107954 | 001346289 | 第二样本阅览室/ [索取号:TM916/13] | 在馆 |